000
00289nam a2200109 a 4500
005
20200930021627.0
008
101011s1996 000 spa d
020
_a
8474325625
245
3
_a
La comunidad virtual: una sociedad sin fronteras.
260
_a
Barcelona,
_c
1996.
999
_c
21957
_d
21957
040
_a
DO-SdBNP